000 00335nam a2200133Ia 4500
008 231017s9999 xx 000 0 und d
082 _a363.1250994KLO
082 _bKLO
245 4 _aThe Crash and Offence Experience of Newly Licensed Young Drivers
245 0 _cAustroads
260 _bAustroads
300 _c30cm
942 _cREP
999 _c603716
_d603716